Vietnam A-Z - Statistics

General Stats
  • This quiz has been taken 912 times
    135 since last reset
  • The average score is 18 of 26
Answer Stats
Hint Answer % Correct
D Currency, with a perhaps phallic name Dong
94%
S Former name of Ho Chi Minh City Saigon
91%
N Most common family name Nguyễn
90%
P Noodle soup dish Phở
90%
E Most common second language English
88%
B Vietnamese-style baguette sandwich Bánh mì
86%
T Vietnamese New Year (and 1968 Offensive) Tet
85%
M Vital river for the rice-growing regions of the south {Mekong} River
83%
H UNESCO World Heritage Site of limestone karsts {Ha} {Long} Bay
82%
I Peninsula where Vietnam is located Indochina
79%
O Politician who visited in 2016 Obama
79%
L Flower considered a symbol of Vietnam Lotus
78%
R River on which Hanoi sits {Red} River
75%
V Liberation group that fought against South Vietnam Viet Cong
71%
Y Like the star on the Vietnamese flag Yellow
71%
A National outfit: a long silk tunic worn over trousers Áo dài
69%
Q Vietnam's largest island, once used as a prison Phu {Quốc}
64%
U Familial term of endearment for Ho Chi Minh {Uncle} Ho
64%
X A common way to say "hello" in Vietnamese {Xin} {chào}
63%
C Is the 2nd-largest producer of this crop in the world Coffee
57%
F Tallest mountain Fansipan
52%
K Majority ethnic group (85% of the population) {Kinh}
49%
Z Most popular messaging app, made in Vietnam Zalo
49%
W Holiday celebrated every May 1 International {Workers'} Day
40%
G Body of water where the USS Maddox was supposedly attacked {Gulf} {of} {Tonkin}
38%
J Alexandre de Rhodes, who invented the alphabet, was one of these priests Jesuits
34%
No matching quizzes found
Score Distribution
Percent of People with Each Score
Percentile by Number Answered
Your Score History
You have not taken this quiz since the last reset